LEADER 01534nam a2200325 u 4500 001 000000016785 003 CaOOAMICUS 005 20070226110031.0 008 940517s1993 it u000 u ita u 020 $a8831147196 035 $a10392421 040 $aPUL(R)$bita 041 1 $aita$hlat 100 0 $aAugustinus,$cs., vesc. d'Ippona,$d354-430.$0(OLS)http://pul/name/1290 245 10$aIn cammino verso la patria :$blinee di antropologia : pagine antologiche /$cSant'Agostino ; a cura di Antonio Pieretti. 260 $aRoma :$bNuova Biblioteca Agostiniana :$bCittà Nuova,$c1993. 300 $a386 p. ;$c19 cm 490 1 $aPiccola biblioteca agostiniana ;$v19 600 04$aAugustinus,$cs., vesc. d'Ippona,$d354-430$xFilosofia.$0(OLS)http://pul/subject/4423 700 1 $aPieretti, Antonio,$d1940-$0(OLS)http://pul/name/510 830 0$aPiccola biblioteca agostiniana ;$v19.$0(OLS)http://pul/title/20018 850 $aPUL 852 $aPUL$W1$xSL Religione 1$y3$m67 B 129$j23636$nBK-PRI$b $qStampati$B23636$CPULBib$Z2$F23636 $H $81 900 $aAgostino,$cs., vesc. d'Ippona,$d354-430$91290 900 $aAgostino, Aurelio,$cs., vesc. d'Ippona$d354-430$91290 941 1 $a8 961 $aINV: 70868 996 $6020$a8831147196$9(OLS)http://pul/number/21617 996 $6245$aIn cammino verso la patria :$blinee di antropologia : pagine antologiche$9(OLS)http://pul/title/23987 996 $6260$aRoma :$bNuova Biblioteca Agostiniana :$bCittà Nuova$9(OLS)http://pul/publisher/54183 LEADER 00943nam a2200229 u 4500 001 000000087309 003 CaOOAMICUS 005 20070226124407.0 008 051011s1922 it bf u000 u ita u 035 $a11063113 040 $aPUL(R)$bita 110 2 $aIstituto geografico De Agostini.$0(OLS)http://pul/name/57008 245 10$aCalendario atlante De Agostini :$b1923. 260 $aNovara :$bIstituto Geografico De Agostini,$c[1922] 300 $a176 p., 22 tav. :$bc. geogr. ;$c16 cm 500 $aIn testa al front. : anno 30. 650 4$aAtlanti.$0(OLS)http://pul/subject/16684 850 $aPUL 852 $aPUL$W1$xDP1 Fondo Cecchetti$y53$m299 G 25$j110724$nBK-PRI$b $qFondi$B110724$CPULBib$Z2$F110724 $HPUL5132 $81 941 1 $a1 996 $6245$aCalendario atlante De Agostini :$b1923$9(OLS)http://pul/title/112993 996 $6260$aNovara :$bIstituto Geografico De Agostini$9(OLS)http://pul/publisher/50139